| 000 | 00444nam a2200121Ia 4500 | ||
|---|---|---|---|
| 008 | 231129s9999||||xx |||||||||||||| ||spa|| | ||
| 020 | _a84-7232-343-9 | ||
| 082 | _aP863 S487Ll | ||
| 100 | _aSerrano de Haro Antonio | ||
| 245 | 0 | _aLlanto de Panamá a la muerte de Don Enrique Enriquez | |
| 264 | _aMadrid: Ediciones Cultura Hispanica del Instituto de Cooperación Iberoamericana c1984. | ||
| 942 |
_2ddc _cBKS |
||
| 999 |
_c19354 _d19354 |
||